Logo CIB grande

Vehicle-manipulator systems : modeling for simulation, analysis, and control (Registro nro. 237777)

Detalles MARC
000 -LEADER
campo de control de longitud fija 00908nam a2200265Ia 4500
005 - FECHA Y HORA DE LA ÚLTIMA TRANSACCIÓN
campo de control 20250425162843.0
008 - DATOS DE LONGITUD FIJA--INFORMACIÓN GENERAL
campo de control de longitud fija 250425s9999 xx 000 0 und d
020 ## - NÚMERO INTERNACIONAL ESTÁNDAR DEL LIBRO
Número Internacional Estándar del Libro 9781447154624
082 ## - NÚMERO DE LA CLASIFICACIÓN DECIMAL DEWEY
Número de clasificación 629.8
Iniciales del Autor FRO
010 ## - NÚMERO DE CONTROL DE LA BIBLIOTECA DEL CONGRESO
Número de control de LC 113759
100 ## - ENTRADA PRINCIPAL--NOMBRE DE PERSONA
Nombre de persona From, Pal Johan
245 #0 - MENCIÓN DEL TÍTULO
Título Vehicle-manipulator systems : modeling for simulation, analysis, and control
Mención de responsabilidad, etc. Pal Johan From, Jan Tommy Gravdahl, Kristin Ytterstad Pettersen
250 ## - MENCION DE EDICION
Mención de edición First edition
260 ## - PUBLICACIÓN, DISTRIBUCIÓN, ETC.
Lugar de publicación, distribución, etc. London
Nombre del editor, distribuidor, etc. Springer
Fecha de publicación, distribución, etc. 2014
300 ## - DESCRIPCIÓN FÍSICA
Extensión 388 páginas
Otras características físicas ilustraciones
Dimensiones 24 cm.
504 ## - NOTA DE BIBLIOGRAFÍA, ETC.
Nota de bibliografía, etc. Nota Includes bibliographical references and index
650 ## - PUNTO DE ACCESO ADICIONAL DE MATERIA--TÉRMINO DE MATERIA
Término de materia o nombre geográfico como elemento de entrada Control and Systems Theory
650 ## - PUNTO DE ACCESO ADICIONAL DE MATERIA--TÉRMINO DE MATERIA
Término de materia o nombre geográfico como elemento de entrada Robótica y Automatización
650 ## - PUNTO DE ACCESO ADICIONAL DE MATERIA--TÉRMINO DE MATERIA
Término de materia o nombre geográfico como elemento de entrada Robotics and Automation
650 ## - PUNTO DE ACCESO ADICIONAL DE MATERIA--TÉRMINO DE MATERIA
Término de materia o nombre geográfico como elemento de entrada Teoría del Control y de Sistemas
700 ## - ENTRADA AGREGADA--NOMBRE PERSONAL
Nombre de persona Gravdahl, Jan Tommy
700 ## - ENTRADA AGREGADA--NOMBRE PERSONAL
Nombre de persona Ytterstad Pettersen, Kristin
902 ## - ELEMENTOS DE DATOS B LOCAL, LDB (RLIN)
a Monográfico
c Impreso
942 ## - ELEMENTOS DE ENTRADA SECUNDARIOS (KOHA)
Tipo de ítem Koha Libros
Existencias
Estatus retirado Estado de pérdida Estado de daño No para préstamo Biblioteca de origen Biblioteca actual Fecha de adquisición Coste, precio normal de compra Etiqueta RFID Total de préstamos Código de barras Copia número Tipo de ítem Koha Nota pública
        CENTRO DE INFORMACIÓN BIBLIOTECARIA CENTRO DE INFORMACIÓN BIBLIOTECARIA 16/09/2023 255.00 0000000000000000036757   81014 1 Libros Compra / Pablo Núñez

Copyright 2025 ESPOL. Todos los derechos reservados.